000
00509nam a2200157Ia 4500
008
090124s9999 xx 000 0 und d
082
_b
39347
245
_a
सार्थ पूजा-संग्रह
250
_a
0
260
_b
एस. के. कौशिक
300
_a
158
630
_a
सार्थ पूजा-संग्रह
700
_a
जोशी काशिनाथशास्त्री
730
_a
सार्थ पूजा-संग्रह
942
_c
BOOK
999
_c
105459
_d
105459